000 00620nam a22001697a 4500
003 OSt
005 20260402143917.0
008 260402b |||||||| |||| 00| 0 eng d
040 _cMRSPTU
041 _aEnglish
100 _aAshish Thakur, Supervisor: Dr. Ashish Baldi
245 _aFormulation Development and Documentation of Resveratrol Loaded Enteric Coated Matrix Tablets Based on Quality by Design Approach
260 _bDepartment of Pharmacy, MRSPTU, Bathinda
_c2023
650 _aPharmaceutical Sciences and Technology
856 _uhttp://163.47.215.52:8080/jspui/handle/123456789/842
942 _2ddc
_cTH
_n0
999 _c11274
_d11274